000 00430nam a2200181Ia 4500
001 23880
005 20260414151007.0
008 260414t2008||||xx |||||||||||||| ||spa||
041 _aESP
082 _a720.47
_bE26
100 _aEdwards, Brian,
_eAUT
245 0 _aGuía básica de la sostenibilidad
_b
260 _c2008
300 _a223 páginas :
_c18 cm.
650 _aABD
654 _aCAU
942 _cLIB
_dJUS
_fJUS
_2ddc
_n
999 _c23880
_d23880